| 000 | 01072nam a2200313 a 4500 | ||
|---|---|---|---|
| 001 | vtls000184352 | ||
| 003 | NLI | ||
| 005 | 20210602111256.0 | ||
| 008 | 101125s1962 ii 000 0 eng | ||
| 020 | _cRs. 06.00 | ||
| 039 | 9 |
_y201011252217 _zVLOAD |
|
| 040 | 0 |
_aNLI _beng _cDatasoft 1 _eAACR2 |
|
| 041 | 0 | _aeng | |
| 044 | _aii | ||
| 082 | 0 | 4 | _a333.91 |
| 100 | 1 |
_aHart, Henry C. _q(Henry Cowles) _9323660 |
|
| 245 | 1 | 0 |
_aAdministrative aspects of river valley development / _cHenry C. Hart |
| 260 |
_aBombay : _bAsia Pub. House, _c1962 |
||
| 300 |
_a112 p. ; _c22 cm. |
||
| 650 | 0 |
_aWater resources development _zIndia |
|
| 650 | 0 |
_aWater resources development _zUnited States _9138780 |
|
| 710 | 2 |
_aIssued under the auspices of the Indian Institute of Public Administration _9359504 |
|
| 887 | _a | ||
| 901 |
_aDB1219 _b19.12.1961 |
||
| 902 | _aE 333.91 H 251 | ||
| 942 |
_2ddc _cBKS |
||
| 949 |
_AVIRTUAITEM _D10000 _X100 _6DBA000001219ENG |
||
| 999 |
_aVIRTUA40 _c190850 _d190850 |
||
| 999 | _aVTLSSORT0080*0200*0400*0410*0440*0820*1000*2450*2600*3000*6500*6501*7100*9010*9020*9490*9991 | ||